000 00778cam a2200229 4500
001 ABS62666
008 000000n2000 000 0 eng u
035 _a(Sirsi) u107429
100 _aRoom, D.
245 _aUnravelling the rates
260 _c2000
490 _aPremises and Facilities Management
_vJuly 2000, 34-35(2)
520 _aExplains how the latest five-yearly rating revaluation will affect different types of property. Looks at sector variations, rate liability, and achieving reductions in rate liabilities.
590 _aABS
650 _aBUSINESS RATES
650 _aRATING REVALUATION
650 _aAPPEAL PROCEDURE
650 _aRATING LIABILITIES
650 _aPROPERTY-COMMERCIAL PROPERTY
690 _aRATING AND LOCAL TAXATION
942 _n0
999 _c64217
_d64217